Social Catholic Encyclicals Quiz Stats

 Plays Quiz not verified by Sporcle

Also try: The Last Supper
Challenge
Share
Tweet
Embed
Score 0/10 Timer 03:00
0 Plays Today
English Description Latin Name % Correct
On the Condition of WorkersRerum Novarum
84.2%
Peace on EarthPacem in Terris
76.3%
Mother and TeacherMater et Magistra
68.4%
On the Development of PeoplePopulorum Progressio
52.6%
On Human WorkLaborem Exercens
50%
On the Reconstruction of the Social OrderQuadragesimo Anno
44.7%
Love in Truth PageCaritas in veritate
42.1%
The Hundredth Anniversary of Rerum NovarumCentesimus Annus
36.8%
A Call to ActionOctogesima Adveniens
34.2%
On the Twentieth Anniversary of Populorum ProgressioSollicitudo Rei Socialis
34.2%

You're not logged in!

Compare scores with friends on all Sporcle quizzes.
OR
Log In

You Might Also Like...

Show Comments

Extras

Top Quizzes Today


Score Distribution

Your Account Isn't Verified!

In order to create a playlist on Sporcle, you need to verify the email address you used during registration. Go to your Sporcle Settings to finish the process.

Report this User

Report this user for behavior that violates our Community Guidelines.

Details: